Statistics for Global Cities with a Climate That I Would Like

Click here to take the quiz!

General Stats

  • This quiz has been taken 26 times
  • The average score is 7 of 18

Answer Stats

HintAnswer% Correct
AlphaLos Angeles
65%
AlphaSydney
62%
Alpha-Melbourne
54%
Alpha-San Francisco
54%
Alpha-Stockholm
50%
AlphaToronto
46%
AlphaChicago
42%
Alpha-Boston
38%
AlphaMexico City
38%
Alpha-Montreal
38%
AlphaMoscow
38%
Alpha-Santiago
31%
Alpha-Munich
27%
Alpha-Warsaw
27%
Alpha-Istanbul
23%
Alpha-Lisbon
19%
Alpha-Vienna
19%
Alpha-Johannesburg
12%

Score Distribution

Percentile by Number Answered

Percent of People with Each Score

Your Score History

You have not taken this quiz